[Event "IECG WC.2005.T.00006 email"]
[Site "IECG email"]
[Date "2004.12.15"]
[Round "?"]
[White "Menke, John R Sr"]
[Black "Monasterio, Manuel Gerardo"]
[Result "0-1"]
[WhiteElo "2378"]
[BlackElo "2260"]
[PlyCount "26"]
[EventDate "2004.12.15"]
[EventType "tourn (corr)"]
[EventRounds "10"]
[SourceTitle "Corr 2008"]
[Source "ChessBase"]
[SourceDate "2008.06.24"]
[SourceVersion "1"]
[SourceVersionDate "2008.06.24"]
[SourceQuality "1"]

1. e4 g6 2. d4 Bg7 3. c4 d6 4. Nc3 Nf6 5. Nf3 0-0 6. Be2 e5 7. Be3 Na6 8. 0-0 Ng4 9. Bg5 Qe8 10. dxe5 dxe5 11. h3 f6 12. Qd5+ Kh8 13. Bd2 Nh6 0-1

[Event "IECG WC.2005.T.00006 email"]
[Site "IECG email"]
[Date "2004.12.15"]
[Round "?"]
[White "Menke, John R Sr"]
[Black "Taboada, Pedro Pablo"]
[Result "0-1"]
[WhiteElo "2378"]
[BlackElo "2355"]
[PlyCount "44"]
[EventDate "2004.12.15"]
[EventType "tourn (corr)"]
[EventRounds "10"]
[SourceTitle "Corr 2008"]
[Source "ChessBase"]
[SourceDate "2008.06.24"]
[SourceVersion "1"]
[SourceVersionDate "2008.06.24"]
[SourceQuality "1"]

1. e4 e5 2. Nf3 Nc6 3. Bb5 a6 4. Ba4 Nf6 5. 0-0 Be7 6. Re1 b5 7. Bb3 d6 8. c3 0-0 9. h3 Nb8 10. d4 Nbd7 11. Nbd2 Bb7 12. Bc2 Re8 13. Nf1 Bf8 14. Ng3 g6 15. a4 c5 16. d5 c4 17. Bg5 h6 18. Be3 Nc5 19. Qd2 h5 20. Bg5 Be7 21. Bh6 Nh7 22. Ra3 Rb8 0-1

[Event "IECG WC.2006.S.00001 email"]
[Site "IECG email"]
[Date "2004.07.18"]
[Round "?"]
[White "Djoudi, Amar"]
[Black "Menke, John R Sr"]
[Result "1/2-1/2"]
[WhiteElo "2351"]
[BlackElo "2376"]
[PlyCount "64"]
[EventDate "2004.07.18"]
[EventType "tourn (corr)"]
[EventRounds "10"]
[SourceTitle "Corr 2008"]
[Source "ChessBase"]
[SourceDate "2008.06.24"]
[SourceVersion "1"]
[SourceVersionDate "2008.06.24"]
[SourceQuality "1"]

1. d4 Nf6 2. c4 c5 3. d5 b5 4. cxb5 a6 5. bxa6 g6 6. Nc3 Bxa6 7. e4 Bxf1 8. Kxf1 d6 9. g3 Bg7 10. Kg2 0-0 11. Nf3 Nbd7 12. h3 Qa5 13. Re1 Rfb8 14. e5 dxe5 15. Nxe5 Nxe5 16. Rxe5 Rb7 17. Qf3 Ne8 18. Re2 Nd6 19. Ne4 Qa7 20. Nxd6 exd6 21. Bg5 f5 22. Bf4 Rxb2 23. Rae1 Rxe2 24. Rxe2 Bf8 25. Qe3 Qd7 26. Qb3 Qa4 27. h4 Qxb3 28. axb3 Kf7 29. Re6 Ra6 30. Kf1 Ra1+ 31. Ke2 Ra2+ 32. Kf1 Ra1+ 1/2-1/2

[Event "IECG WC.2006.S.00001 email"]
[Site "IECG email"]
[Date "2004.07.18"]
[Round "?"]
[White "Robson, Nigel"]
[Black "Menke, John R Sr"]
[Result "1-0"]
[WhiteElo "2552"]
[BlackElo "2376"]
[PlyCount "95"]
[EventDate "2004.07.18"]
[EventType "tourn (corr)"]
[EventRounds "10"]
[SourceTitle "Corr 2008"]
[Source "ChessBase"]
[SourceDate "2008.06.24"]
[SourceVersion "1"]
[SourceVersionDate "2008.06.24"]
[SourceQuality "1"]

1. e4 c5 2. Nf3 Nc6 3. d4 cxd4 4. Nxd4 Nf6 5. Nc3 d6 6. Bg5 e6 7. Qd2 a6 8. 0-0-0 Bd7 9. f4 b5 10. Bxf6 gxf6 11. Kb1 Qb6 12. Nxc6 Bxc6 13. f5 h5 14. Qe1 0-0-0 15. Bd3 Qc5 16. Rf1 Bh6 17. a4 bxa4 18. Bxa6+ Kb8 19. Na2 Ka7 20. Nb4 Rb8 21. c3 Rhf8 22. Qe2 a3 23. Rd4 Ba4 24. Rc4 Qb6 25. fxe6 fxe6 26. Ka2 Be3 27. Kxa3 Bd7 28. Kb3 Ra8 29. Kc2 Bc5 30. Qxh5 Rfd8 31. Ra1 Kb8 32. Qf7 Kc7 33. Qxf6 Rf8 34. Qd4 Kd8 35. Qg7 Kc7 36. Qg3 Rg8 37. Qf2 Rgf8 38. Qe1 Bc6 39. Qh4 Rf7 40. Qg4 Rf2+ 41. Kb3 Bd7 42. Ra3 Rff8 43. Ka2 Rg8 44. Qe2 Ra7 45. h4 Rga8 46. e5 d5 47. Rg4 Bxb4 48. Rxb4 1-0

[Event "USA-ch14 fin corr"]
[Site "USA"]
[Date "2002.09.30"]
[Round "?"]
[White "Boucher, William"]
[Black "Menke, John R Sr"]
[Result "1/2-1/2"]
[WhiteElo "2419"]
[BlackElo "2362"]
[PlyCount "86"]
[EventDate "2002.09.30"]
[EventType "tourn (corr)"]
[EventRounds "14"]
[EventCountry "USA"]
[SourceTitle "Corr 2006"]
[Source "ChessBase"]
[SourceDate "2006.04.01"]
[SourceVersion "3"]
[SourceVersionDate "2006.04.01"]
[SourceQuality "1"]

1. e4 c5 2. Nf3 e6 3. d4 cxd4 4. Nxd4 Nc6 5. Nc3 Qc7 6. Be3 a6 7. a3 Nf6 8. Be2 b5 9. Nxc6 dxc6 10. f4 e5 11. fxe5 Qxe5 12. Bd4 Qe6 13. 0-0 Bd6 14. Qd2 Be5 15. Rad1 0-0 16. Bxe5 Qxe5 17. Qd6 Qe8 18. Rd3 Ng4 19. Bxg4 Bxg4 20. Qc5 f6 21. Rd6 Rc8 22. h3 Bh5 23. Qb6 a5 24. Qxa5 Qe7 25. Rd3 Bf7 26. Rf2 Qc5 27. Qb4 Qg5 28. Ne2 Rfe8 29. Ng3 Bc4 30. Rdf3 Be6 31. Qc3 Qg6 32. Re3 Bd7 33. Nf5 Bxf5 34. exf5 Qf7 35. Rfe2 Qa7 36. Kh1 Rxe3 37. Qxe3 Qb8 38. Qe6+ Kh8 39. Rd2 Re8 40. Qd6 Qb6 41. Qg3 Qb7 42. Qf3 h6 43. Kh2 Qa7 1/2-1/2

[Event "USA-ch14 fin corr"]
[Site "USA"]
[Date "2002.09.30"]
[Round "?"]
[White "Menke, John R Sr"]
[Black "Brandhorst, Wesley Ted"]
[Result "1/2-1/2"]
[WhiteElo "2362"]
[BlackElo "2452"]
[PlyCount "64"]
[EventDate "2002.09.30"]
[EventType "tourn (corr)"]
[EventRounds "14"]
[EventCountry "USA"]
[SourceTitle "Corr 2006"]
[Source "ChessBase"]
[SourceDate "2006.04.01"]
[SourceVersion "3"]
[SourceVersionDate "2006.04.01"]
[SourceQuality "1"]

1. Nf3 Nf6 2. c4 g6 3. Nc3 Bg7 4. e4 d6 5. d4 0-0 6. Be2 e5 7. Be3 Ng4 8. Bg5 f6 9. Bh4 Nc6 10. d5 Ne7 11. Nd2 Nh6 12. f3 g5 13. Bf2 f5 14. c5 Ng6 15. g3 b6 16. cxd6 cxd6 17. Rc1 g4 18. exf5 gxf3 19. fxg6 fxe2 20. gxh7+ Kh8 21. Qxe2 Bg4 22. Qd3 Bh3 23. Be3 Qe8 24. Nce4 Nf5 25. Rg1 Qh5 26. g4 Bxg4 27. Rc6 Rac8 28. Nc4 Rxc6 29. dxc6 Bf3 30. Nexd6 Qh4+ 31. Bf2 Qf4 32. Be3 Qh4+ 1/2-1/2

[Event "IECG CM.2002.0.00164 email"]
[Site "IECG email"]
[Date "2002.01.09"]
[Round "?"]
[White "Farkas, Zsolt"]
[Black "Menke, John R Sr"]
[Result "1-0"]
[WhiteElo "2241"]
[BlackElo "2016"]
[PlyCount "95"]
[EventDate "2002.01.09"]
[EventType "tourn (corr)"]
[EventRounds "6"]
[SourceTitle "Corr 2008"]
[Source "ChessBase"]
[SourceDate "2008.06.24"]
[SourceVersion "1"]
[SourceVersionDate "2008.06.24"]
[SourceQuality "1"]

1. e4 c5 2. Nf3 e6 3. d4 cxd4 4. Nxd4 Nc6 5. Nc3 Qc7 6. Be3 a6 7. Bd3 Nf6 8. 0-0 Ne5 9. h3 Bc5 10. Kh1 d6 11. f4 Ng6 12. Qe2 0-0 13. Rae1 b5 14. a3 Bd7 15. Nb3 Bxa3 16. bxa3 Qxc3 17. Bd4 Qc7 18. e5 dxe5 19. fxe5 Nd5 20. Bc5 Rfc8 21. Bd6 Qa7 22. Qf3 Bc6 23. Qg3 Rd8 24. h4 Nge7 25. h5 Rac8 26. h6 g6 27. Be4 Nc3 28. Qf3 Ned5 29. Bxd5 Nxd5 30. Nc5 f5 31. exf6 Rxd6 32. f7+ Kf8 33. Nxe6+ Rxe6 34. Rxe6 Qd4 35. Qg3 Ne7 36. Qg5 Bxg2+ 37. Kxg2 Qd5+ 38. Qxd5 Nxd5 39. Rf2 Ra8 40. Kh3 a5 41. Re5 Ne7 42. Rxb5 Nf5 43. Rb7 Rc8 44. Rd2 Nxh6 45. c4 Nf5 46. c5 Ne7 47. Rdd7 Nc6 48. Rbc7 1-0